000 03275cam a2200505 i 4500
001 22325733
003 JO-AjAnu
005 20241016094646.0
008 211130t20212021nyua e b 000 0 eng d
010 _a 2021427114
015 _aGBC132085
_2bnb
016 7 _a020119579
_2Uk
020 _a9780744038033
_q(hardcover)
020 _a0241500923
_q(hardcover)
020 _z9780241532904
_q(ePub ebook)
020 _z9780241532911
_q(PDF ebook)
035 _a(OCoLC)on1242810209
040 _aUKMGB
_beng
_cUKMGB
_erda
_dOCLCO
_dOCLCF
_dTOH
_dYDX
_dBDX
_dWIQ
_dNZAUC
_dON8
_dJAS
_dGO3
_dOCLCO
_dJTH
_dOCLCO
_dDLC
_dJO-AjAnu
042 _alccopycat
050 0 0 _aNK2113
_b.H42 2021
082 0 4 _a747
_223
100 1 _aHeath, Oliver,
_eauthor.
245 1 0 _aDesign a healthy home :
_b100 ways to transform your space for physical and mental wellbeing /
_cOliver Heath with Victoria Jackson, Eden Goode and Jo Baston.
250 _aFirst American edition.
264 1 _aNew York, NY :
_bDK Publishing,
_c2021.
300 _a192 pages :
_bcolor illustrations ;
_c23 cm
336 _atext
_2rdacontent
336 _astill image
_2rdacontent
337 _aunmediated
_2rdamedia
338 _avolume
_2rdacarrier
504 _aIncludes bibliographical references (page 191).
505 0 _aA biophilic design approach -- Color, pattern & texture -- Activities -- Connectedness -- Light -- Sleep -- Sound -- Water -- Warmth -- Air -- Planting.
520 _a"Simple, practical advice on how to design your home for health and happiness. With indoor air pollution now worse than ever, and more of us spending more time in our own homes, discover how to create calm, social and comfortable spaces by making small changes to every room. Design a Healthy Home breaks down the complex subject of sustainable, biophilic design into specific subjects, including lighting, air quality, acoustics, temperature, colour, pattern, texture and plants. 100 tried and tested research-based ideas support our health and wellbeing in even the smallest of spaces. Optimise lighting in your home by using reflective surfaces for a brighter space; follow a ventilation checklist to replenish the air in your home and remove pollutants; or unlock the powers of a tech-free bedroom for a better night's sleep. Leading sustainability architect Oliver Heath has devised each practical solution with implementation in mind so that regardless of your budget (or if you have any money to spend at all), if you rent or own your property, Design a Healthy Home contains creative ideas that are easy to understand, and solutions that are stylish, fun and affordable to implement"--
_cPublisher's description.
650 0 _aInterior decoration.
650 0 _aSustainable design.
650 7 _aInterior decoration.
_2fast
_0(OCoLC)fst00976327
650 7 _aSustainable design.
_2fast
_0(OCoLC)fst01742533
700 1 _aJackson, Victoria
_c(Sustainable designer),
_eauthor.
700 1 _aGoode, Eden,
_eauthor.
700 1 _aBaston, Jo,
_eauthor.
776 0 8 _iebook version :
_z9780241532904
906 _a7
_bcbc
_ccopycat
_d2
_encip
_f20
_gy-gencatlg
942 _2lcc
_cBK
_n0
999 _c33714
_d33714